| 000 | 00690nam a2200241Ia 4500 | ||
|---|---|---|---|
| 008 | 180523s9999 xx 000 0 und d | ||
| 020 | _a978-1-4354-8686-7 | ||
| 050 | _aMAIN TX 911.3 | ||
| 050 | _b.M3M67 2010 | ||
| 100 | _aMorrison, Alastair M. | ||
| 245 | 0 | _aHospitality and travel marketing / | |
| 245 | 0 | _cAlastair M. Morrison. | |
| 250 | _a4th Edition | ||
| 260 | _aAustralia : | ||
| 260 | _bDelmar Cengage Learning, | ||
| 260 | _c2010 | ||
| 300 | _a788 pages : | ||
| 300 | _bcolored illustrations ; | ||
| 300 | _c25 cm. | ||
| 500 | _aIncludes bibliographical references and index. | ||
| 650 | _aHospitality industry -- Marketing. | ||
| 650 | _xTourism -- Marketing. | ||
| 999 |
_c357797 _d357797 |
||